[Event "Montreal 2nd"]
[Site "Montreal"]
[Date "2001.08.13"]
[Round "11"]
[White "Charbonneau, Pascal"]
[Black "Rozentalis, Eduardas"]
[Result "0-1"]
[WhiteElo "2405"]
[BlackElo "2588"]
[Annotator "Finkel,A"]
[PlyCount "102"]
[EventDate "2001.08.02"]
[EventType "tourn"]
[EventRounds "11"]
[EventCountry "CAN"]
[EventCategory "9"]
[SourceTitle "CBM 085"]
[Source "ChessBase"]
[SourceDate "2001.11.13"]
[SourceVersion "1"]
[SourceVersionDate "2001.11.13"]
[SourceQuality "1"]

1. e4 e6 2. d4 d5 3. Nc3 dxe4 4. Nxe4 Bd7 5. Nf3 Bc6 6. Bd3 Nd7 7. O-O Bxe4 8.
Bxe4 c6 9. c4 Ngf6 10. Bc2 Bd6 11. b3 {Very solid variation promising white
long-lasting advantage.} (11. Re1 O-O 12. Qd3 Qc7 13. Bg5 Bf4 14. Bh4 Rfe8 15.
Rad1 Rac8 16. Qc3 a6 17. Ne5 $14 {Psakhis,L-Skembris,S/Belgrade GMA 1988})
11... O-O (11... Qa5 12. a3 O-O 13. Bb2 Rad8 14. Qe2 Qh5 15. Rfe1 Rfe8 16. Rad1
Nf8 17. g3 Ng6 18. Rd3 $14 {Hausner,I-Melich,J/CZE Tschechien-ch 1994}) 12. Bb2
Qc7 13. Qe2 {Rozentalis himelf, being on white side opted for slightly
different set up:} (13. Re1 Rfd8 14. Re2 c5 15. g3 Nf8 16. d5 Re8 17. dxe6 Rxe6
18. Qd3 Rae8 19. Rxe6 fxe6 20. Rd1 $14 {Rozentalis,E-Kelecevic,N/Liechtenstein
op 1995}) 13... Rfe8 (13... c5 14. dxc5 (14. g3 Rfd8 15. Rad1 cxd4 16. Nxd4 Bc5
17. Nf3 Nf8 18. Bc3 a5 19. Bd4 Bxd4 20. Nxd4 Qc5 $11 {Landenbergue,C-Kelecevic,
N/Geneve op 1995}) 14... Bxc5 15. a3 a5 16. Rad1 Rfd8 17. Nd4 Nf8 18. Nb5 Qe7
19. g3 Rac8 20. Rxd8 Rxd8 21. Rd1 Rxd1+ 22. Qxd1 h5 $132 {Gallagher,
J-Kelecevic,N/SWZ-chT 1993}) 14. Ne5 {Only this move appears to be a novelty} (
14. Rfd1 Nf8 15. g3 c5 16. dxc5 Bxc5 17. Ne5 Rad8 18. Rxd8 Rxd8 19. Rd1 Rxd1+
20. Qxd1 Qb6 $11 {Lutz,C-Kelecevic,N/Biel op 1995}) 14... Nf8 (14... c5 $5) 15.
h4 ({Deserved attention ambitious and slightly risky} 15. f4 $5 c5 16. dxc5
Bxc5+ 17. Kh1 Rad8 18. g4 Bd4 19. Bxd4 Rxd4 20. g5 N6d7 21. Rad1 $14 {with
better chanses for white}) 15... c5 16. h5 (16. dxc5 Qxc5 17. Rad1 Rad8 18. a3
Qc7 19. b4 $14) 16... cxd4 17. Bxd4 N8d7 18. Nxd7 (18. f4 Bc5 19. Bxc5 Qxc5+
20. Kh1 Rad8 21. Rae1 $13) 18... Nxd7 19. Rad1 Be5 (19... Bh2+ 20. Kh1 Be5 21.
Qe4 f5 22. Bxe5 Nxe5 23. Qf4 $14) 20. Qe4 f5 (20... g6 $5) 21. Bxe5 Nxe5 22.
Qf4 Qb8 23. c5 $5 (23. Rfe1 Nc6 24. Qxb8 Raxb8 25. Rd7 Red8 $1 26. Rxd8+ Rxd8
$1 $11) 23... Nf7 24. Qc4 ({Not so bad was also} 24. Qxb8 Raxb8 25. b4 a5 26.
a3 axb4 27. axb4 Kf8 28. Bb3 $14) 24... Ne5 25. Qc3 (25. Qf4 Nf7) 25... Qc7 26.
b4 Rac8 (26... a5 27. a3 axb4 28. axb4 b6 $14) 27. Bb3 Ng4 28. Qh3 $6 {[%csl
Rh3] Very passive place for a queen permitting black to get strong
counterchanses.} (28. g3 Qf7 29. f3 Nf6 30. Qe5 $14 {[%csl Re6]}) 28... Qf4 29.
a3 Re7 {[%cal Gg8f7]} 30. Rd6 Kf7 $13 31. Bd1 (31. Qh4 $5 {[%cal Gf1e1]}) 31...
Nf6 32. Qe3 Qxe3 33. fxe3 g6 34. hxg6+ hxg6 35. Bf3 Rcc7 $5 $132 {[%cal Gf6d7,
Gd7e5] Intending to transfer the knight to e5} 36. Rfd1 (36. c6 bxc6 37. Rxc6
Rxc6 38. Bxc6 Rc7 39. b5 Ke7 $11) 36... Nd7 37. Kf2 Ne5 38. Be2 Kf6 39. Rh1
Red7 40. Rhd1 Rxd6 41. Rxd6 Ke7 42. Bb5 $2 {Only this careless move deprives
white a hope to save the game} (42. g3 {[%cal Ge3e4]} Rc8 43. Rd4 b6 44. cxb6
axb6 $15) 42... b6 $1 43. Be2 bxc5 44. bxc5 a5 $19 45. Ra6 Rxc5 {Now it's a
matter of technique} 46. a4 g5 47. Rb6 (47. Bb5 Rc2+ 48. Kg3 Ng4 49. Rxa5 Nxe3
$19) 47... Rc2 48. Ke1 Nc4 49. Rb3 Rc1+ 50. Kf2 Nd6 $1 {[%cal Gd6e4]} 51. Bf3
g4 0-1

[Event "Bundesliga 0506"]
[Site "Germany"]
[Date "2005.12.10"]
[Round "5.3"]
[White "Kritz, Leonid"]
[Black "Shirov, Alexei"]
[Result "0-1"]
[WhiteElo "2545"]
[BlackElo "2710"]
[Annotator "Finkel,A"]
[PlyCount "78"]
[EventDate "2005.10.21"]
[EventType "team-tourn"]
[EventRounds "15"]
[EventCountry "GER"]
[SourceTitle "CBM 111"]
[Source "ChessBase"]
[SourceDate "2006.04.04"]
[SourceVersion "1"]
[SourceVersionDate "2006.04.04"]
[SourceQuality "1"]
[WhiteTeam "Katernberg"]
[BlackTeam "Baden-Baden"]
[WhiteTeamCountry "GER"]
[BlackTeamCountry "GER"]

1. e4 e6 2. d4 d5 3. Nc3 Nf6 4. Bg5 dxe4 5. Nxe4 Nbd7 6. Nf3 h6 7. Nxf6+ Nxf6
8. Be3 Bd6 9. Qd2 Nd5 10. O-O-O Qe7 11. Bc4 (11. Kb1 Bd7 12. Bd3 O-O-O 13. Rhe1
Kb8 14. Ne5 Bxe5 15. dxe5 Nb4 16. Be4 Bc6 $11 {Korneev,O-Glek,I/Bastia 2005})
11... Nb6 $5 {Avoiding the solid, but passive 11...Nxe3, which seems to be
insufficient for equality.} (11... Nxe3 12. Qxe3 Bd7 13. Rhe1 (13. Ne5 O-O-O
14. Rd2 Kb8 15. Rhd1 Bc8 16. f4 Rhf8 17. g3 g5 18. a3 gxf4 19. gxf4 Rg8 20. Kb1
$14 {Horvath,A-Kosic,D/Saint Vincent 2005}) 13... O-O 14. Ne5 Bxe5 15. Qxe5 Qd6
16. d5 $14 {Sokolov,A-Vaisser,A/Chartres 2005}) 12. Bd3 Bd7 13. c4 $6 {The
only chance to pose Black some problems would be} (13. Ne5 $142 O-O-O (13...
Bxe5 14. dxe5 Bc6 15. f3 O-O-O 16. Qf2 Nd5 17. Bd2 $14) 14. c4 Bxe5 (14... c5
$2 15. dxc5 Bxc5 16. Bxc5 Qxc5 17. Nxf7 $18) 15. dxe5 Bc6 16. Qa5 Qh4 17. Qxa7
Bxg2 18. Rhg1 $13) 13... c5 14. Ne5 O-O 15. Nxd7 ({After} 15. Bc2 {[%csl Rd7]}
Rfd8 (15... Rac8 $2 16. Nxd7 Nxd7 17. dxc5 $18) 16. Qd3 f5 17. f4 cxd4 18. Bxd4
(18. Qxd4 Bxe5 19. fxe5 Bb5 $17) 18... Bxe5 19. Bxe5 Ba4 $13 {Black has also
nothing to worry about.}) 15... Nxd7 16. Bc2 Rfd8 17. Qd3 $6 {It was better to
keep Black's pawn on c5 by pushing 17.d5} (17. d5 Nf6 (17... exd5 18. Qxd5 Nf6
19. Qf5) 18. dxe6 Qxe6 $11) 17... Nf6 18. dxc5 Bf4 (18... Bxc5 $4 19. Bxc5 Qxc5
20. Qxd8+ Rxd8 21. Rxd8+ $18) 19. Qe2 Bxe3+ 20. Qxe3 Rdc8 $1 $15 {[%csl Rc4]
Now the drawbacks of 13.c4?! become much more obvious. Black has got a target
to play against while White has no counterplay on the other flank.} 21. Rd6 (
21. b4 $5 a5 22. a3 axb4 23. axb4 b6 24. Kb2 bxc5 25. b5 $13) 21... b6 22. Rhd1
Rxc5 23. Qd3 Rcc8 24. f4 (24. Kb1 $5 g6 25. Ba4 $1 $132) 24... g6 25. Rd4 Qc5
26. Qe2 Kg7 27. Qe5 b5 $1 {From now on White's position is deteriorating very
quickly.} 28. Qxc5 Rxc5 29. cxb5 ({No better was} 29. b3 Ng4 $1 (29... bxc4 30.
Rxc4 Rxc4 31. bxc4 Ng4 32. Kd2 Nxh2 33. Kc3 $132) 30. h3 Ne3 31. Be4 Rac8 32.
Re1 Nd5 $17) 29... Rac8 30. R1d2 Nd5 {[%cal Gd5e3,Gd5b4]} 31. Re4 Rxb5 32. a3 (
32. Rf2) 32... a5 33. g3 h5 34. Rdd4 h4 35. Rc4 Rh8 $1 36. Re5 $6 (36. g4 Rhb8
37. f5 exf5 38. gxf5 g5 $17) 36... hxg3 37. hxg3 Rh1+ 38. Bd1 Rb3 $1 $19 39. g4
Rd3 0-1

[Event "RUS-ch"]
[Site "Krasnodar"]
[Date "2002.09.02"]
[Round "7"]
[White "Savchenko, Boris"]
[Black "Riazantsev, Alexander"]
[Result "1-0"]
[WhiteElo "2366"]
[BlackElo "2537"]
[Annotator "Finkel,A"]
[PlyCount "107"]
[EventDate "2002.08.27"]
[EventType "swiss"]
[EventRounds "9"]
[EventCountry "RUS"]
[SourceTitle "CBM 091"]
[Source "ChessBase"]
[SourceDate "2002.11.12"]
[SourceVersion "1"]
[SourceVersionDate "2002.11.12"]
[SourceQuality "1"]

1. e4 e6 2. d4 d5 3. Nc3 Nc6 4. e5 Nge7 5. f4 Nf5 6. Nf3 h5 7. Ne2 {Intending
to play Ng3 and c3.} (7. Be2 a6 (7... b6 8. a3 Qd7 9. Qd3 a5 10. Nb5 Nce7 11.
a4 c6 12. Na3 Ba6 13. Qd1 Qb7 14. O-O Bxe2 15. Qxe2 Qa6 $13 {Vogt,L-Stromer,A/
GER 1991}) 8. a3 Bd7 9. b4 Na7 10. O-O Bb5 11. Nxb5 axb5 12. Qd3 c6 13. Ng5 g6
14. g4 hxg4 15. Bxg4 Nc8 $132 {Alfredsson,O-Krantz,K/Malmo 1966}) (7. Qd2 Be7
8. Nd1 b6 9. c3 Bb7 10. Ne3 Qd7 11. Nxf5 exf5 12. Bd3 g6 13. Qe2 $14 {Emden,
H-Hecht,H/Bad Pyrmont 1963}) 7... Be7 (7... h4 8. a3 a5 9. Nc3 Be7 10. Bb5 Bd7
11. Qd3 b6 12. Nd1 O-O $13 {Wretljung,L-Fant,G/Stockholm 1992}) 8. Ng3 g6 (8...
Bh4 9. Kf2 Bd7 10. c3 Bxg3+ 11. hxg3 Rh6 12. Bd3 $14) 9. Nxf5 {Slightly more
accurate was} (9. c3 $5 Na5 10. Nxf5 exf5 11. Qa4+ c6 12. Be3 $14 {with better
chances.}) 9... exf5 10. b3 Be6 11. c3 Na5 (11... Qd7 12. a4 O-O 13. Be2 f6 14.
O-O $14) 12. a4 b6 13. Ba3 c5 $132 (13... Bxa3 14. Rxa3 Qe7 15. Ra1 O-O 16. Be2
c5 17. O-O Rfc8 $14) 14. dxc5 $6 bxc5 15. Bb5+ Kf8 (15... Bd7 16. Qxd5 Bxb5 17.
Qxd8+ Rxd8 18. axb5 Nxb3 19. Ra2 $14) 16. b4 $6 cxb4 (16... Nc4 17. Bxc4 dxc4
18. bxc5 Kg7 19. Qxd8 Rhxd8 20. Nd4 Bd5 21. Kf2 Be4 $14) 17. Bxb4 Kg7 18. Nd4
Bxb4 (18... Nc4 $2 19. Nc6) 19. cxb4 Nc4 20. Qd3 Qh4+ 21. Qg3 $5 (21. g3 $6 Qe7
{[%csl Rg3][%cal Gh5h4]}) 21... Qe7 22. Rb1 Rhc8 23. Qc3 $5 Qh4+ 24. g3 Qd8 25.
O-O Qb6 (25... a6 26. Bc6 Rab8 27. b5 axb5 28. axb5 $16) 26. a5 Qb7 27. Qd3 a6
28. Ba4 Qe7 29. h4 Rc7 30. Rf2 Rac8 31. Rb3 $6 Rb7 $6 {Permitting white to
regroup his pieces. Better was} (31... Bd7 $1 $13 {exchanging the bishops.})
32. Qb1 Rbc7 33. Kg2 Rb7 34. Ra2 Qf8 $6 35. Bc6 Rbc7 36. b5 axb5 37. Bxb5 Qc5
38. Qg1 $1 Qe7 (38... Bd7 $14) 39. a6 $1 {[%cal Gb5c6] Now white pawn is
unstopable without serious material losses.} Kh6 40. Bc6 $1 Ra7 (40... Rxc6 41.
Nxc6 Rxc6 42. a7 $18) 41. Bb7 $18 Rc5 42. Nc6 Rxc6 43. Bxc6 d4 44. Qxd4 Na5 45.
Rxa5 Bxb3 46. Qd6 Qe6 47. Qxe6 Bxe6 48. Bb7 Kg7 49. Kf2 Kf8 50. Ke3 Ke7 51. Kd4
Kd8 52. Rc5 $1 Bb3 53. Rc8+ Kd7 54. Kc5 1-0

[Event "Imre Konig Memorial 1st"]
[Site "San Francisco"]
[Date "2002.09.11"]
[Round "6"]
[White "Nakamura, Hikaru"]
[Black "Akobian, Varuzhan"]
[Result "0-1"]
[WhiteElo "2494"]
[BlackElo "2486"]
[Annotator "Finkel,A"]
[PlyCount "80"]
[EventDate "2002.09.04"]
[EventType "tourn"]
[EventRounds "9"]
[EventCountry "USA"]
[EventCategory "12"]
[SourceTitle "CBM 092"]
[Source "ChessBase"]
[SourceDate "2003.02.06"]
[SourceVersion "1"]
[SourceVersionDate "2003.02.06"]
[SourceQuality "1"]

1. e4 e6 2. d4 d5 3. Nc3 Nf6 4. Bg5 dxe4 5. Nxe4 Nbd7 6. Nxf6+ Nxf6 7. Nf3 h6
8. Be3 Nd5 (8... Be7 9. Bd3 Nd5 10. Qd2 Nxe3 11. fxe3 c5 12. O-O O-O 13. c3 Bf6
14. Rf2 b6 15. Raf1 Bb7 16. Kh1 Qd6 $13 {Gdanski,J-Akopian,V/Adelaide 1988}) (
8... Bd6 9. Qd3 b6 $6 10. Ne5 $1 Bb7 11. Qb5+ $1 Nd7 12. O-O-O a6 13. Qb3 $14 {
Polgar,J-Bareev,E/Hastings 1992}) 9. Bd3 {Giving up a bishop is a typical idea
for this variation. White gets very strong center+semi-open f-file instead.} (
9. Bd2 Be7 10. Bd3 (10. Be2 O-O 11. O-O c5 12. dxc5 Qc7 13. c4 Nf4 14. Bxf4
Qxf4 15. b4 a5 16. a3 Bf6 17. Rb1 $14 {Tischbierek,R-Ellers,H/Germany 1997/
GER-chT}) 10... Nb4 11. Bc4 c6 12. O-O O-O 13. Re1 b5 14. Be2 Bb7 15. c3 $14 {
Lau,R-Backwinkel,P/Germany 1996/GER-chT}) (9. Qd3 $5) (9. Qd2 Bd6 10. O-O-O Bd7
11. Ne5 Bxe5 12. dxe5 Qe7 13. Be2 Bc6 14. f4 O-O-O 15. Bd4 g5 16. fxg5 Qxg5 $11
{Polgar,J-Speelman,J/Hastings 1992}) 9... Nxe3 (9... c5 10. O-O Bd6 11. Bb5+
Bd7 12. Bxd7+ Qxd7 13. dxc5 Nxe3 14. fxe3 Bxc5 $11 {Bagirov,R-Kacheishvili,G/
Baku 1997}) 10. fxe3 Bd6 11. e4 $6 {This move seems to be premature.} (11. O-O
O-O 12. c3 Qe7 13. Bc4 e5 14. dxe5 Bc5 15. Qb3 Bxe3+ 16. Kh1 Bb6 17. Nd4 $14 {
Arencibia,W-Rahal,M/Barbera 1996}) 11... e5 $1 {Very good reply. Black is
ready to sacrifice a pawn to break white's center.} 12. dxe5 Bc5 13. Bc4 (13.
Bb5+ $5 c6 14. Qxd8+ Kxd8 15. Bc4 Ke7 16. c3 Be6 17. Bxe6 Kxe6 18. Ke2 $14)
13... Qe7 14. Qd2 O-O 15. O-O-O c6 16. Rhf1 b5 17. Bb3 a5 18. a3 ({Not so
clear was} 18. c3 b4 19. Bc4 a4 20. cxb4 Bxb4 21. Qc2 a3 22. b3 Bg4 23. Kb1 $13
) 18... a4 19. Ba2 b4 20. axb4 a3 21. b3 $6 {There is no doubt that black's
initiative is extremly dangerous, that's why white had to accept a draw after}
(21. bxc5 axb2+ 22. Kxb2 Qa7 (22... Rxa2+ 23. Kxa2 Qb7 24. Qa5 Be6+ 25. Ka1 Ra8
26. Rd8+ $18) 23. Bb3 (23. Ra1 $2 Qa3+ 24. Kb1 Be6 $19) 23... Qa3+ 24. Kc3
Qxc5+ 25. Kb2 Qa3+ $11) 21... Bxb4 22. c3 Ba5 23. b4 Bc7 $36 {[%csl Rc1][%cal
Ga3a1]} 24. Nd4 (24. Kb1 $5) 24... Qxe5 25. Nxc6 Qe8 26. Nd4 (26. Bd5) 26...
Bg4 27. Rde1 Be5 28. h3 Be6 29. Nxe6 fxe6 30. Rf5 (30. Rxf8+ Kxf8 31. Kb1 Qc6
32. Re3 Rc8 33. Qf2+ Ke7 $15) 30... Bf6 31. Kb1 Kh8 32. Rf3 Be5 {Black's idea
is to attack white pawn on c3.} 33. Rd1 (33. Rxf8+ Qxf8 34. Bxe6 Qf6 $19 {
[%csl Rc3]}) 33... Qc6 34. Rd3 Rac8 35. c4 Qb6 {[%cal Gf8f2]} 36. c5 (36. Rf3
Rfd8 37. Qe1 Rxd1+ 38. Qxd1 Qxb4+ $19) 36... Rxc5 37. Rxa3 Rcc8 $19 {Despite
of material balance white's position is helpless.} 38. Rd3 Kh7 39. Rb3 Rf2 40.
Qd3 Rxg2 {[%cal Gb6f2,Gc8c2]} 0-1

[Event "EU-Cup 18th"]
[Site "Kallithea"]
[Date "2002.09.24"]
[Round "3.5"]
[White "Baklan, Vladimir"]
[Black "Rasic, Damir"]
[Result "1/2-1/2"]
[WhiteElo "2614"]
[BlackElo "2342"]
[Annotator "Finkel,A"]
[PlyCount "129"]
[EventDate "2002.09.22"]
[EventType "team-swiss"]
[EventRounds "7"]
[EventCountry "GRE"]
[SourceTitle "CBM 092"]
[Source "ChessBase"]
[SourceDate "2003.02.06"]
[SourceVersion "1"]
[SourceVersionDate "2003.02.06"]
[SourceQuality "1"]
[WhiteTeam "Kazan Ladya"]
[BlackTeam "Sarajevo Napredak"]
[WhiteTeamCountry "RUS"]
[BlackTeamCountry "BIH"]

1. e4 e6 2. d4 d5 3. Nc3 dxe4 4. Nxe4 Nd7 5. Nf3 Ngf6 6. Nxf6+ Nxf6 7. c3 (7.
Bd3 b6 8. Ne5 Bb7 9. Bb5+ c6 10. Nxc6 (10. Bxc6+ Bxc6 11. Nxc6 Qd5 12. Qf3 Qxf3
13. gxf3 Rc8 14. Nxa7 Rxc2) 10... Qd5 11. c4 Qxg2 12. Ne5+ Kd8 $17) 7... h6 {
Not the most popular reply in this position.} (7... c5 8. Be3 (8. Bb5+ Bd7 9.
Bxd7+ Qxd7 10. Be3 cxd4 11. Bxd4 Be7 12. O-O O-O 13. Qe2 Qc7 14. Rad1 Rfd8 $11
{Dvoirys,S-Zakharevich,I/1/2 final Russia Cup, Perm RUS 1997 (21)}) (8. Ne5 Qa5
9. Bf4 cxd4 10. Qxd4 Bc5 11. Nc4 Bxd4 12. Nxa5 Nd5 13. Bb5+ Ke7 14. Bg3 Nxc3
$17 {Levy,D-Miyasaki,Y/Skopje 1972}) 8... Qc7 (8... cxd4 9. Bxd4 Be7 (9... Bd6
10. Qc2 Qa5 11. Bxf6 gxf6 12. O-O-O Be7 13. Kb1 Bd7 $11 {Timoshenko,
G-Doroshkievich,V/St Petersburg 1996}) 10. Ne5 O-O 11. Bd3 Qc7 12. O-O Rd8 13.
Qf3 $14) 9. Bb5+ (9. Ne5 Bd6 $6 (9... a6 10. Qa4+ Nd7 11. O-O-O Bd6 12. Nc4 Bf4
13. g3 Bxe3+ 14. Nxe3 O-O 15. d5 b5 16. d6 $14 {Dvoirys,S-Zakharevich,I/
RUS-Cup9 1997 (42)}) 10. Bb5+ Ke7 11. Nc4 Bd7 12. Bxd7 Nxd7 13. Nxd6 Qxd6 14.
dxc5 Qxd1+ 15. Rxd1 Rhc8 16. Ke2 $14 {Zakharov,A-Dokuchaev,A/Russian Cup 9th
Leg, Novgorod RUS 1997 (37)}) 9... Bd7 10. Bxd7+ Nxd7 11. O-O (11. d5 $6 e5 12.
a4 Bd6 13. Qc2 O-O 14. O-O Rae8 15. Ng5 Nf6 16. Rae1 h6 $15 {Dvoirys,S-Lobron,
E/Open, Leeuwarden NED 1997 (31)}) 11... Bd6 12. dxc5 Bxc5 13. Bxc5 Nxc5 14.
Qe2 $11) (7... Be7 8. Bd3 (8. Bb5+ c6 9. Bd3 Qc7 10. Ne5 Bd6 11. f4 b6 12. O-O
Bb7 13. a4 $14 {Walther,E-Hadziotis,C/Tel Aviv 1964}) (8. Bf4 O-O 9. Bd3 b6 10.
Qe2 Bb7 11. O-O-O Qc8 12. h4 c5 13. h5 cxd4 14. Nxd4 Rd8 15. Kb1 $14 {
Timoscenko,G-Kholmov,R/Stary Smokovec 1996}) 8... O-O 9. Ng5 (9. Bg5) (9. O-O
b6 10. Qc2 Bb7 11. Bf4 c5 12. dxc5 bxc5 {1/2-1/2 Georgiev,K-Ulibin,M/8th Open,
Ano Liosia GRE 1997}) 9... Qd5 10. Qf3 Qxf3 11. Nxf3 b6 12. Bg5 Bb7 13. Ne5 {
1/2-1/2 Belakovskaia,A-Levitina,I/ch-USA (women) Parsippany 1996}) (7... Bd6 $6
8. Bg5 h6 9. Bh4 Be7 10. Bd3 O-O 11. Qe2 Re8 $6 (11... Qd5 $142) 12. O-O-O Nd5
13. Bg3 Bd6 14. Kb1 Bd7 15. Ne5 $14 {Boleslavsky,I-Thomas,G/London 1947}) 8.
Bd3 Bd6 9. Be3 (9. Qe2 b6 $6 10. Ne5 Bb7 $5 11. Bb5+ Kf8 12. O-O g6 13. Re1 Kg7
14. Bf4 Nh5 15. Bd2 Nf6 16. Rad1 $14 {Adams,M-Nogueiras,J/Luzern 1997}) 9...
Qe7 10. Ne5 $5 {Normally white puts his queen on e2, but there is nothing
wrong in putting it on f3.} O-O 11. Qf3 Rd8 (11... c5 12. O-O-O Nd5 13. dxc5 $1
Bxc5 (13... Bxe5 $6 14. Qe4 f5 15. Qxe5 Nxe3 16. fxe3 $16) 14. Bxc5 Qxc5 15.
Rhe1 $14) 12. O-O-O Nd5 13. h4 $5 {It's very difficult for black to get
sufficient counterplay on the queenside, while white is ready to start an
attack against black king.} Nxe3 (13... c5 $5 14. dxc5 $140 $2 Bxe5 15. Qe4 Qc7
16. Qh7+ Kf8 $17) 14. fxe3 Rb8 15. g4 Bxe5 16. Qe4 $1 (16. dxe5 $5 Bd7 17. Qe4
g6 18. Qf4 Bc6 19. Rh2 Kg7 20. g5 h5 21. Rf2 Be8 $14) 16... f5 17. Qxe5 Qd6 18.
Rhg1 $5 Qxe5 19. dxe5 {Black can't keep the material balance and he just has
to decide which pawn to give up!} Kf7 (19... fxg4 $2 20. Bh7+ $18 {[%csl Rd8]})
(19... Kf8 $5 20. gxf5 exf5 21. Bxf5 Rxd1+ 22. Rxd1 Bxf5 23. Rf1 g6 24. e4 Ke7
25. exf5 gxf5 26. Rxf5 $16) 20. gxf5 exf5 21. Bc4+ Be6 22. Bxe6+ Kxe6 23. Rxg7
$16 {Now it's just a matter of technique, but white doesn't manage to convert
his material advnatge into the point after making a few inaccuracies.} Rxd1+
24. Kxd1 c6 25. Ke2 Kxe5 26. Rh7 a5 27. Rxh6 Rg8 28. Kf3 Rd8 29. Rh7 b5 30.
Re7+ Kf6 31. Rc7 Rd6 32. b3 $6 (32. e4 $5 Re6 (32... Ke5 33. Re7+ Kf6 34. e5+
Kxe7 35. exd6+ Kxd6 36. Kf4 Ke6 37. h5 Kf6 38. h6 $18) 33. exf5 Kxf5 34. Rg7 $1
$18) 32... Ke5 33. Re7+ Kf6 34. Rh7 Ke5 35. Re7+ Kf6 36. Ra7 Rd3 37. Ke2 Rxc3
38. Kd2 Rc5 39. Rxa5 Rd5+ 40. Ke2 Rd8 41. Ra6 Rd6 42. Kf3 Ke5 43. a4 bxa4 44.
Ra5+ Kf6 45. Rxa4 c5 46. Rc4 Rd3 47. Rxc5 Rxb3 48. Rc6+ Ke5 49. Rh6 Rb1 50. Rh8
Kf6 51. Rf8+ Kg6 52. Rg8+ Kf7 53. Rg2 Rh1 54. Kg3 Kg6 55. Rh2 Rg1+ 56. Kf3 Kh5
57. Rf2 Rg4 58. Ke2 Kg6 59. h5+ Kg5 60. Rh2 Kh6 61. Kf3 Ra4 62. Rh3 Rb4 63. Kg3
f4+ 64. exf4 Rb3+ 65. Kg4 1/2-1/2

[Event "EU-chT (Men) 13th"]
[Site "Leon"]
[Date "2001.11.14"]
[Round "8.3"]
[White "Gallagher, Joseph G"]
[Black "Markos, Jan"]
[Result "1-0"]
[WhiteElo "2511"]
[BlackElo "2435"]
[Annotator "Finkel,A"]
[PlyCount "57"]
[EventDate "2001.11.06"]
[EventType "team-swiss"]
[EventRounds "9"]
[EventCountry "ESP"]
[SourceTitle "CBM 086"]
[Source "ChessBase"]
[SourceDate "2002.02.05"]
[SourceVersion "1"]
[SourceVersionDate "2002.02.05"]
[SourceQuality "1"]
[WhiteTeam "Switzerland"]
[BlackTeam "Slovakia"]
[WhiteTeamCountry "SUI"]
[BlackTeamCountry "SVK"]

1. e4 e6 2. d4 d5 3. Nc3 Nf6 4. Bg5 dxe4 5. Nxe4 Nbd7 6. Nxf6+ Nxf6 7. Nf3 h6
8. Be3 $5 {Very poisonous plan, which is not very fashionable for some reason!}
Nd5 (8... Bd6 9. Bd3 Nd5 10. Qe2 Nxe3 11. Qxe3 Bd7 12. Be4 c5 13. O-O-O Qc7 14.
Kb1 O-O-O $11 {Krakops,M-Kaminski,M/Guarapuava 1995/Juniors}) 9. Qd2 (9. Bd2
Be7 10. Bd3 (10. Be2 O-O 11. O-O c5 12. dxc5 Qc7 13. c4 Nf4 14. Bxf4 Qxf4 15.
b4 a5 16. a3 $14 {Tischbierek,R-Ellers,H/Germany 1997/GER-chT}) 10... Nb4 11.
Bc4 c6 12. O-O O-O 13. Re1 b5 14. Be2 Bb7 15. c3 Nd5 16. Ne5 $14 {Lau,
R-Backwinkel,P/Germany 1996/GER-chT}) (9. Bd3 Nxe3 (9... c5 10. O-O Bd6 11.
Bb5+ Bd7 12. Bxd7+ Qxd7 13. dxc5 Nxe3 14. fxe3 Bxc5 15. Qxd7+ Kxd7 $15 {
Bagirov,R-Kacheishvili,G/Baku 1997/EXT 2000}) 10. fxe3 Bd6 11. O-O O-O 12. c3
Qe7 13. Bc4 e5 14. dxe5 Bc5 15. Qb3 Bxe3+ 16. Kh1 $14 {Arencibia,W-Rahal,M/
Barbera 1996/EXT 97}) 9... a6 (9... Bd6 10. O-O-O Bd7 11. Ne5 Bxe5 12. dxe5 Qe7
13. Be2 Bc6 14. f4 O-O-O 15. Bd4 g5 $132 {Polgar,J-Speelman,J/Hastings 1992/
CBM 33}) (9... Nxe3 10. fxe3 c5 11. Bd3 Be7 12. O-O O-O 13. c3 b6 14. Rad1 Bb7
15. Qc2 $14 {Horn,P-Plesec,D/Geneve 1994/TD}) 10. Bd3 Bd6 (10... b6 11. O-O (
11. O-O-O Bb7 12. c4 Nxe3 13. Qxe3 Be7 14. Ne5 O-O $132) 11... Bb7 12. c4 Nxe3
13. fxe3 Bd6 14. Rad1 O-O 15. Bc2 $14) 11. O-O Qe7 12. c4 Nxe3 13. fxe3 c5 $6 {
Too optimistic! Waiting} (13... b6 {would be more apropriate.}) 14. b4 b6 15.
Be4 Rb8 $6 {Black doesn't feel the danger! Better was} (15... Ra7) 16. Bc6+ Bd7
$2 {Falling into trap!} (16... Kf8) 17. dxc5 $6 {Giving black an opportunity
to get counterchanses after 17...B:h2!} (17. Bxd7+ $5) 17... bxc5 (17... Bxh2+
$1 18. Kxh2 Bxc6 19. Ne5 bxc5 20. Rxf7 (20. Nxc6 $2 Qc7+) 20... Qh4+ 21. Kg1
Qe4 22. Nxc6 Kxf7 23. Rf1+ Kg6 24. Nxb8 Rxb8 $13) 18. Bxd7+ Qxd7 19. Rad1 Rd8
20. Qc3 $1 $18 {[%csl Rg7][%cal Gd1d8] After this move it's all over.} Qe7 (
20... cxb4 21. Qxg7 Rf8 22. c5 $18) 21. Qxg7 Qf8 22. Qf6 Rg8 (22... cxb4 23.
Ne5 {[%cal Gf6f3]} Rh7 24. Qf3 $1 {[%cal Gf3c6]} Bxe5 25. Qc6+ Ke7 26. Qb7+ Ke8
27. Rxd8+ Kxd8 28. Rd1+ $18) 23. Ne5 Qg7 {#} 24. Qf3 $1 (24. Qxf7+ Qxf7 25.
Nxf7 Bxh2+ 26. Kxh2 Rxd1 27. Rxd1 Kxf7 $16) 24... f6 (24... Bxe5 25. Qc6+ Ke7
26. Qb7+ Ke8 27. Rxd8+ Kxd8 28. Rd1+ Bd4 29. bxc5 $18) 25. Qc6+ Ke7 26. bxc5
Qxg2+ 27. Qxg2 Rxg2+ 28. Kxg2 Rg8+ 29. Ng4 $1 1-0